| 000 | 01259nam a2200229Ia 4500 | ||
|---|---|---|---|
| 999 |
_c28605 _d28605 |
||
| 003 | OSt | ||
| 005 | 20200814162343.0 | ||
| 008 | 160316s2009 xxu||||| |||| 00| 0 eng d | ||
| 020 | _a9781845923471 | ||
| 040 | _cNLS | ||
| 082 |
_a346.073000 _bJAC |
||
| 100 | _aJack Raymond | ||
| 245 | _aDocumentary credits : The law and practice of documentary credits including standby credits and demand guarantees | ||
| 250 | _a4th | ||
| 260 |
_aLondon _bTottell Publishers _c2009 |
||
| 300 |
_a556p _cxxxix |
||
| 365 | _b Rs. 19,708 | ||
| 505 | _aDescription:'An extremely straight forward and no nonsense approach to Documentary Credits - This Book should be on every L/C professional's shelves' - Amazon Customer, Review of previous edition. This practical work offers a lucid and comprehensive account of the workings of documentary credits in the context of English law and under international banking practice as applied in England. Written from the perspective of banking practices as well as the law, the text fully considers the Uniform Customs and Practice for Documentary Credits 600, as well as a full review of the body of case law on the UCPDC 500. | ||
| 650 | _a1. Documentary Credit - Law & Legislation - U K | ||
| 700 |
_a _a |
||
| 942 |
_2ddc _cBK |
||